LEADER 01510nam a2200349 u 4500 001 000000019211 003 CaOOAMICUS 005 20070226110749.0 008 950118s1994 gw u000 u grc u 020 $a3110141809 035 $a10461019 040 $aEFR$bita$dPUL 041 0 $aeng$agrc 100 0 $aIustinus Martyr,$cs.,$dm. 166.$0(OLS)http://pul/name/1173 240 10$aApologia$9(Iustinus Martyr, s., m. 166).$0(OLS)http://pul/title/27211 245 10$aIustini Martyris Apologiae pro Christianis /$cedited by Miroslav Marcovich. 260 $aBerlin :$bW. de Gruyter,$c1994. 300 $axii, 211 p. ;$c24 cm 490 1 $aPatristische Texte und Studien ;$v38 650 0$aApologetics$xHistory$yEarly church, ca. 30-600.$2//eng$0(OLS)http://pul/subject/1080 700 1 $aMarcovich, Miroslav.$0(OLS)http://pul/name/2892 740 0 $aApologiae pro Christianis. 830 0$aPatristische Texte und Studien ;$v38.$0(OLS)http://pul/title/1164 850 $aPUL 852 $aPUL$W1$xSL Religione 1$y3$m19 C 38$j27052$nBK-PRI$b $qStampati$B27052$CPULBib$Z2$F27052 $H $81 900 $aGiustino,$cs.,$dm. 166$91173 941 1 $a8 961 $aINV: 87964 996 $6020$a3110141809$9(OLS)http://pul/number/24532 996 $6245$aIustini Martyris Apologiae pro Christianis$9(OLS)http://pul/title/27212 996 $6740$aApologiae pro Christianis$9(OLS)http://pul/title/27213 996 $6260$aBerlin :$bW. de Gruyter$9(OLS)http://pul/publisher/48032 LEADER 01324nam a2200325 a 4500 001 000000131750 003 CaOOAMICUS 005 20121128143435.0 008 121128s1994 it d u000 u ita r 020 $a88-245-0480-9 040 $aPUL$bita 041 1 $aita$heng 100 1 $aDahl, Robert A.$0(OLS)http://pul/name/32452 240 10$aPreface to democratic theory.$lItaliano.$0(OLS)http://pul/title/166459 245 10$aPrefazione alla teoria democratica /$cRobert A. Dahl ; nota introduttiva di Alberto Martinelli. 260 $aMilano :$bEdizioni di Comunità,$c©1994. 300 $aXXI, 205 p. :$bgrafici ;$c23 cm 490 1 $aIl mondo nuovo 504 $aBibliografia in nota. 650 4$aDemocrazia.$0(OLS)http://pul/subject/11947 700 1 $aMartinelli, Alberto.$0(OLS)http://pul/name/16017 830 3$aIl Mondo nuovo.$0(OLS)http://pul/title/67606 850 $aPUL 852 $aPUL$W1$xDP1 Fondo E. Rossi$y115$m1 D 2$j130790$qFondi$B150989$CPULBib$Z2$F150989 $82 941 1 $a1 961 $aSul dorso collocazione ms. di E. Rossi: D 1 0 0 996 $6020$a88-245-0480-9$9(OLS)http://pul/number/151209 996 $6245$aPrefazione alla teoria democratica$9(OLS)http://pul/title/166458 996 $6260$aMilano :$bEdizioni di Comunità$9(OLS)http://pul/publisher/48252